[Event "Dos Hermanas"]
[Site "?"]
[Date "2003.03.15"]
[Round "8"]
[White "Wojtkiewicz Aleksander"]
[Black "Rychagov Andrey"]
[Result "0-1"]
[WhiteElo "2751"]
[BlackElo "2724"]
[PlyCount "126"]
[EventDate "2003.??.??"]
[Source "www.chesslib.no"]
[SourceDate "2004.05.04"]

1. Nf3 d5 2. c4 d4 3. a3 a5 4. e3 c5 5. exd4 cxd4 6. d3 Nc6 7. g3 Nf6 8. Bg2 e6 9. O-O Be7 10. Bg5 O-O 11. Nbd2 h6 12. Bxf6 Bxf6 13. Qc2 Be7 14. Rfe1 a4 15. c5 Ra5 16. b4 axb3 17. Nxb3 Ra7 18. Qc4 Bf6 19. Nfd2 e5 20. Qc2 Be6 21. Nc4 Bd5 22. Nd6 Bxg2 23. Kxg2 Be7 24. Nb5 Ra8 25. Qc4 Kh8 26. a4 Qd7 27. Re2 Ra6 28. a5 Kg8 29. Ra4 Rfa8 30. Rea2 Qd8 31. f3 Kf8 32. f4 exf4 33. N5xd4 Nxa5 34. Nxa5 Rxa5 35. Rxa5 Rxa5 36. Rxa5 Qxa5 37. gxf4 Qxc5 38. Kf3 Qxc4 39. dxc4 g6 40. Ke4 Bd6 41. h3 f5+ 42. Kf3 Ke7 43. Nb5 Bc5 44. Nc3 Bd4 45. Nd5+ Kd6 46. Ke2 Bc5 47. Kd3 b5 48. Nc3 b4 49. Ne2 Kc6 50. Kc2 Bd6 51. Kd3 Bc5 52. Kc2 Bf2 53. Kd3 Kb6 54. Nc1 Ka5 55. Nb3+ Ka4 56. Kc2 Be3 57. c5 Kb5 58. Kd3 Bxc5 59. Nd2 Bd6 60. Ke3 Ka4 61. Nc4 b3 62. Kd3 Bxf4 63. Kc3 g5 0-1

[Event "Dos Hermanas"]
[Site "?"]
[Date "1995.??.??"]
[Round "?"]
[White "Illescas Cordoba, M."]
[Black "Salov, V."]
[Result "0-1"]
[WhiteElo "2595"]
[BlackElo "2715"]
[PlyCount "96"]
[EventDate "1995.??.??"]
[Source "ChessBase"]
[SourceDate "1995.02.01"]

1. Nf3 d5 2. c4 d4 3. e3 Nc6 4. exd4 Nxd4 5. Nxd4 Qxd4 6. Nc3 e5 7. d3 Ne7 8. Be2 c6 9. O-O Nf5 10. g4 Nh4 11. Be3 Qd6 12. Ne4 Qg6 13. Ng3 Bd6 14. d4 e4 15. Qc2 Nf3+ 16. Bxf3 exf3 17. Qe4+ Kf8 18. Bf4 Bxf4 19. Qxf4 Bxg4 20. Rfe1 h5 21. h4 Qf6 22. Qxf6 gxf6 23. Rad1 Rd8 24. d5 cxd5 25. cxd5 f5 26. Kh2 Rh6 27. Re5 Rb6 28. Rd2 f4 29. Nf1 Re8 30. Rxe8+ Kxe8 31. b3 Rb4 32. Rd3 Re4 33. Nd2 Re2 34. Kg1 Re1+ 35. Kh2 Rd1 36. b4 Bf5 37. Rd4 Bb1 38. a3 Kd7 39. Nxf3 Rxd4 40. Nxd4 Bd3 41. Kg2 Kd6 42. Kf3 Kxd5 43. Nb3 Ke5 44. Nc5 Bc4 45. a4 b6 46. Nd7+ Kf5 47. Nb8 Bb3 48. a5 Ba4 0-1

[Event "Novi Sad ol (Men)"]
[Site "Novi Sad YUG"]
[Date "1990.??.??"]
[Round "6"]
[White "Wojtkiewicz, Aleksander"]
[Black "Timman, Jan H"]
[Result "1/2-1/2"]
[WhiteElo "2550"]
[BlackElo "2680"]
[PlyCount "126"]
[EventDate "1990.11.??"]
[Source "www.chesslib.no"]
[SourceDate "2004.05.04"]

1. Nf3 d5 2. c4 d4 3. a3 g6 4. e3 Nc6 5. b4 Bg7 6. Bb2 e5 7. b5 Nce7 8. exd4 e4 9. Ne5 f6 10. Ng4 Bxg4 11. Qxg4 f5 12. Qf4 Bxd4 13. Nc3 Nf6 14. Be2 Qd7 15. O-O-O O-O-O 16. d3 Qe6 17. dxe4 fxe4 18. g4 Kb8 19. Rxd4 Rxd4 20. b6 axb6 21. Nb5 Rxc4+ 22. Kb1 Rf8 23. Bxc4 Qxc4 24. Nxc7 Nd7 25. Qd6 Qd3+ 26. Qxd3 exd3 27. Ne6 Rxf2 28. Rd1 d2 29. Bc3 Nd5 30. Bxd2 Ne5 31. Bb4 Nxb4 32. Rd8+ Ka7 33. axb4 b5 34. h3 Rh2 35. Rd5 Nc6 36. Nf4 Ka6 37. Rd6 g5 38. Ne6 Rxh3 39. Nxg5 Rh4 40. Ne6 Rxg4 41. Nc7+ Ka7 42. Rh6 Rxb4+ 43. Ka2 Ra4+ 44. Kb2 Kb6 45. Rxh7 Rd4 46. Na8+ Ka7 47. Nc7 Kb6 48. Na8+ Ka6 49. Nc7+ Ka5 50. Rh5 Rb4+ 51. Ka2 Nd4 52. Rh8 Rc4 53. Nd5 b4 54. Rb8 Ka6 55. Kb2 Nc6 56. Rh8 Rc5 57. Nf4 Rf5 58. Rh4 Kb5 59. Nd3 Rd5 60. Kc2 b6 61. Rh1 Nd4+ 62. Kb2 Ne6 63. Rh6 Nc5 1/2-1/2

[Event "Haninge"]
[Site "Haninge"]
[Date "1988.??.??"]
[Round "?"]
[White "Kortschnoj, Viktor"]
[Black "Chandler, Murray G"]
[Result "1-0"]
[WhiteElo "2640"]
[BlackElo "2590"]
[PlyCount "75"]
[EventDate "1988.05.??"]
[Source "ChessBase"]

1. Nf3 d5 2. c4 d4 3. b4 c5 4. a3 g6 5. d3 Bg7 6. Nbd2 Nh6 7. bxc5 O-O 8. Nb3 Nc6 9. g3 e5 10. Bg2 f5 11. O-O Ng4 12. h3 Nf6 13. e3 dxe3 14. Bxe3 Nh5 15. Bg5 Qc7 16. Ra2 Be6 17. Re1 Rfe8 18. Rae2 e4 19. dxe4 Bxc4 20. Re3 f4 21. gxf4 h6 22. Bh4 Nxf4 23. Bg3 Qf7 24. Qc2 Be6 25. Bxf4 Qxf4 26. e5 Bf5 27. Qc3 Rad8 28. Na5 Nxa5 29. Qxa5 g5 30. Qxa7 h5 31. Qxb7 g4 32. hxg4 hxg4 33. Nh4 Rd2 34. R3e2 Rxe2 35. Rxe2 Rxe5 36. Bd5+ Kh7 37. Nxf5 Rxf5 38. Be4 1-0

[Event "Buenos Aires ol (Men)"]
[Site "Buenos Aires ARG"]
[Date "1978.??.??"]
[Round "10"]
[White "Huebner, Robert"]
[Black "Portisch, Lajos"]
[Result "1/2-1/2"]
[WhiteElo "2595"]
[BlackElo "2630"]
[PlyCount "50"]
[EventDate "1978.10.25"]
[Source "www.chesslib.no"]
[SourceDate "2004.05.04"]

1. Nf3 d5 2. c4 d4 3. e3 Nc6 4. d3 e5 5. Be2 Bd6 6. O-O Nge7 7. exd4 Nxd4 8. Nxd4 exd4 9. Nd2 Ng6 10. Ne4 Be7 11. b4 a5 12. b5 O-O 13. Re1 Bd7 14. Bd2 f5 15. Ng3 Bd6 16. Qc1 c5 17. Bf3 Rb8 18. Bd5+ Kh8 19. f4 Qh4 20. Ne2 b6 21. g3 Qh5 22. Kg2 Ne7 23. Bf3 Qg6 24. Ng1 Ng8 25. Re2 Rbe8 1/2-1/2

[Event "Amplico AIG Life Gp1"]
[Site "Warsaw"]
[Date "2004.12.19"]
[Round "3"]
[White "Wojtaszek, Radoslaw"]
[Black "Short, Nigel D"]
[Result "1/2-1/2"]
[WhiteElo "2536"]
[BlackElo "2687"]
[PlyCount "79"]
[EventDate "2004.12.19"]
[Source "Roberto Alvarez"]
[SourceDate "2004.12.13"]

1. Nf3 d5 2. c4 d4 3. d3 Nc6 4. g3 e5 5. Bg2 Nf6 6. O-O a5 7. e3 Be7 8. exd4 exd4 9. Na3 Nd7 10. Bf4 Nc5 11. Ne5 Nxe5 12. Bxe5 O-O 13. Nc2 Bf6 14. Re1 Bf5 15. Nxd4 Bg6 16. Bxf6 Qxf6 17. Nb5 Nxd3 18. Re2 c6 19. Nc3 Rad8 20. Qb3 Rfe8 21. Rxe8+ Rxe8 22. Rf1 Qe7 23. Qb6 Qb4 24. Qxb4 axb4 25. Na4 h6 26. Rd1 Re7 27. Bf1 Ne5 28. Nc5 Kh7 29. b3 b6 30. Na4 Bc2 31. Rd6 Nf3+ 32. Kg2 Be4 33. Kh3 Re5 34. g4 f5 35. Bd3 b5 36. Nb6 f4 37. Nd7 Ng5+ 38. Kh4 Nf3+ 39. Kh3 Ng1+ 40. Kh4 1/2-1/2

[Event "Pamplona"]
[Site "?"]
[Date "1995.??.??"]
[Round "?"]
[White "Zvjaginsev, V."]
[Black "Granda Zuniga, J."]
[Result "0-1"]
[WhiteElo "2600"]
[BlackElo "2605"]
[PlyCount "100"]
[EventDate "1995.??.??"]
[Source "ChessBase"]
[SourceDate "1996.02.01"]

1. Nf3 d5 2. c4 d4 3. e3 Nc6 4. exd4 Nxd4 5. Nxd4 Qxd4 6. Nc3 c6 7. d3 Nh6 8. Be3 Qd8 9. Bxh6 gxh6 10. d4 Bg7 11. d5 Qd6 12. Rc1 Qg6 13. Qf3 Qg5 14. Qe3 Be5 15. Qxg5 hxg5 16. Bd3 cxd5 17. cxd5 Bd7 18. O-O Rc8 19. Ne4 Rxc1 20. Rxc1 b6 21. b3 f5 22. Nc3 Kf7 23. Nb5 Ra8 24. Rc2 a6 25. Nc7 Rc8 26. Ne6 Kf6 27. g3 Rxc2 28. Bxc2 h6 29. Bd3 Bc8 30. f4 gxf4 31. Nxf4 Bb7 32. Kf2 Bd6 33. Ke2 Ba3 34. Ke3 Bc8 35. Bf1 Ke5 36. Bh3 Bc1+ 37. Kf3 Bxf4 38. gxf4+ Kd4 39. Bf1 b5 40. Kg3 Bd7 41. b4 Kc3 42. Kh4 Be8 43. Be2 Bf7 44. Bh5 Bxd5 45. Bg6 Bf3 46. Bh5 Be4 47. Bf7 Bf3 48. Bh5 Bxh5 49. Kxh5 Kd4 50. Kxh6 e5 0-1

[Event "XIX Czech Open Synthesia Rapid"]
[Site "Pardubice CEC"]
[Date "2008.07.17"]
[Round "4"]
[White "Cvek, R."]
[Black "Najer, E."]
[Result "1-0"]
[WhiteElo "2532"]
[BlackElo "2670"]
[PlyCount "65"]
[EventDate "2008.07.16"]
[Source "www.chesslib.no"]
[SourceDate "2004.05.04"]

1. Nf3 d5 2. c4 d4 3. g3 Nc6 4. Bg2 e5 5. d3 Nf6 6. O-O Nd7 7. Na3 Bxa3 8. bxa3 O-O 9. a4 Re8 10. Nd2 a5 11. Rb1 Nb4 12. a3 Na6 13. Ne4 Ndc5 14. Nxc5 Nxc5 15. Rb5 c6 16. Rxc5 Qd6 17. Rb5 cxb5 18. axb5 a4 19. Qc2 Qe7 20. Qb2 Bf5 21. Bd2 Qd7 22. c5 e4 23. Rc1 Rac8 24. Qb4 exd3 25. exd3 Bxd3 26. c6 bxc6 27. Bxc6 Qg4 28. Bf4 Be4 29. Qxd4 Rxc6 30. bxc6 Qf3 31. Kf1 Bf5 32. Be3 Bg4 33. c7 1-0

[Event "Beograd"]
[Site "?"]
[Date "1991.??.??"]
[Round "?"]
[White "Damljanovic, B."]
[Black "Seirawan, Y."]
[Result "1-0"]
[WhiteElo "2585"]
[BlackElo "2615"]
[PlyCount "117"]
[EventDate "1991.??.??"]
[Source "ChessBase"]
[SourceDate "1991.10.01"]

1. Nf3 d5 2. c4 d4 3. g3 Nc6 4. Bg2 e5 5. O-O g6 6. d3 Bg7 7. Nbd2 a5 8. b3 Nge7 9. a3 Bd7 10. Rb1 Rb8 11. Qc2 O-O 12. Ne4 h6 13. b4 axb4 14. axb4 b5 15. Nc5 Be8 16. Bd2 Nf5 17. Na6 Rb6 18. cxb5 Rxb5 19. Nh4 Nxh4 20. Bxc6 Bxc6 21. Qxc6 Rb6 22. Qc4 Qa8 23. gxh4 Rxa6 24. Qxc7 Rc8 25. Qd7 Ra2 26. Rfd1 Rcc2 27. b5 Rxd2 28. Rdc1 Bf8 29. Rc7 Be7 30. Rc8+ Qxc8 31. Qxc8+ Kg7 32. Qc7 Bxh4 33. Qxe5+ Bf6 34. Qf4 Rxe2 35. b6 Reb2 36. Rxb2 Rxb2 37. Qc7 Rb5 38. b7 Be5 39. Qxe5+ Rxe5 40. b8=Q Rg5+ 41. Kf1 Rg4 42. Qe5+ Kg8 43. h3 Rh4 44. Kg2 g5 45. Qf6 Kf8 46. Kg3 Kg8 47. Qd8+ Kg7 48. Qd6 f6 49. Qb8 Kf7 50. Qh8 Ke7 51. Qg8 Kd6 52. Qe8 Kd5 53. Qe7 Rf4 54. Qh7 Kc5 55. Qxh6 Kb4 56. h4 Rxh4 57. Qxf6 Kc3 58. Qxg5 Rh1 59. Qb5 1-0

[Event "Hastings ENG"]
[Site "Hastings ENG"]
[Date "1988.??.??"]
[Round "?"]
[White "Larsen, Bent"]
[Black "Short, Nigel D"]
[Result "1/2-1/2"]
[WhiteElo "2570"]
[BlackElo "2630"]
[PlyCount "40"]
[EventDate "1988.??.??"]
[Source "www.chesslib.no"]
[SourceDate "2004.05.04"]

1. Nf3 d5 2. c4 d4 3. g3 Nc6 4. Bg2 e5 5. d3 Nf6 6. O-O a5 7. Na3 Bc5 8. Nc2 O-O 9. a3 Re8 10. Bg5 h6 11. Bxf6 Qxf6 12. Nd2 a4 13. Ne4 Qd8 14. Nxc5 Qh4 15. Ne6 Kh8 16. Rb1 Rxe6 17. c5 f5 18. b4 Rd6 19. Bh1 Re6 20. Bf3 Qg5 1/2-1/2

[Event "Hastings ENG"]
[Site "Hastings ENG"]
[Date "1988.??.??"]
[Round "?"]
[White "Larsen, Bent"]
[Black "Short, Nigel D"]
[Result "1/2-1/2"]
[WhiteElo "2560"]
[BlackElo "2630"]
[PlyCount "45"]
[EventDate "1988.??.??"]
[Source "www.chesslib.no"]
[SourceDate "2004.05.04"]

1. Nf3 d5 2. c4 d4 3. g3 Nc6 4. d3 e5 5. Bg2 Nf6 6. O-O a5 7. Na3 Bc5 8. Nc2 O-O 9. a3 Re8 10. Bg5 h6 11. Bxf6 Qxf6 12. Nd2 a4 13. Ne4 Qe7 14. Nxc5 Qxc5 15. Qd2 Bf5 16. Rab1 Qa5 17. Nb4 Nd8 18. Rbd1 c6 19. e4 Bg4 20. Bf3 Bh3 21. Bg2 Bg4 22. Bf3 Bh3 23. Bg2 1/2-1/2

[Event "Hockenheim / Willingen GER"]
[Site "?"]
[Date "2006.05.04"]
[Round "4"]
[White "Tomashevsky Evgeny"]
[Black "Ikonnikov Vyacheslav"]
[Result "1/2-1/2"]
[WhiteElo "2595"]
[BlackElo "2593"]
[PlyCount "33"]
[EventDate "2006.??.??"]
[Source "www.chesslib.no"]
[SourceDate "2004.05.04"]

1. Nf3 d5 2. c4 d4 3. g3 g6 4. Bg2 Bg7 5. d3 e5 6. O-O Ne7 7. b4 O-O 8. Nbd2 Nd7 9. Nb3 Re8 10. e3 dxe3 11. fxe3 Nf8 12. Qe2 Bf5 13. e4 Bg4 14. h3 Bxf3 15. Qxf3 f6 16. Bb2 Ne6 17. b5 1/2-1/2

[Event "London"]
[Site "London"]
[Date "1984.??.??"]
[Round "?"]
[White "Kortschnoj, Viktor"]
[Black "Seirawan, Yasser"]
[Result "0-1"]
[WhiteElo "2635"]
[BlackElo "2525"]
[PlyCount "58"]
[EventDate "1984.04.??"]
[Source "ChessBase"]

1. Nf3 d5 2. c4 d4 3. b4 f6 4. d3 e5 5. a3 c5 6. g3 cxb4 7. Bg2 Nc6 8. O-O a5 9. e3 Bg4 10. h3 Bxf3 11. Bxf3 Bc5 12. Bd5 Nge7 13. e4 Nxd5 14. cxd5 Ne7 15. Qa4+ Qd7 16. Qb3 a4 17. Qc4 Bd6 18. axb4 b5 19. Qa2 Qxh3 20. Na3 Rb8 21. Rb1 h5 22. Qe2 g5 23. Qf3 h4 24. Qg2 Qg4 25. gxh4 Rxh4 26. Qxg4 Rxg4+ 27. Kh2 Nxd5 28. Nxb5 Ke7 29. Kh3 f5 0-1

[Event "Bradley op"]
[Site "?"]
[Date "1998.08.01"]
[Round "3"]
[White "Rohde Michael A"]
[Black "Christiansen Larry Mark"]
[Result "0-1"]
[WhiteElo "2545"]
[BlackElo "2610"]
[PlyCount "122"]
[EventDate "1998.??.??"]
[Source "www.chesslib.no"]
[SourceDate "2004.05.04"]

1. Nf3 d5 2. c4 d4 3. a3 g6 4. e3 c5 5. exd4 cxd4 6. d3 Bg7 7. g3 e5 8. Bg2 Ne7 9. O-O a5 10. Nbd2 O-O 11. Re1 Nec6 12. Rb1 Na6 13. Qc2 Bf5 14. Ne4 Bxe4 15. Rxe4 Nc5 16. Re1 a4 17. Nd2 Qa5 18. Re2 Qc7 19. Ne4 Nb3 20. Nd2 Nca5 21. Nxb3 Nxb3 22. Bd2 Rac8 23. Bb4 Rfd8 24. Qd1 Qd7 25. f4 b5 26. cxb5 Qxb5 27. fxe5 Bxe5 28. Qf1 Bd6 29. Bxd6 Rxd6 30. Re7 Rf8 31. Qf4 Re6 32. Rxe6 fxe6 33. Qe4 Qf5 34. Qe2 Nc5 35. Rd1 Qg5 36. Re1 Kg7 37. Be4 h5 38. Bg2 Rf6 39. Qc2 h4 40. gxh4 Qxh4 41. Re5 Nb3 42. Re4 Qg5 43. Qc7+ Rf7 44. Qe5+ Qxe5 45. Rxe5 Kf6 46. Rb5 Rc7 47. Rb4 Ke5 48. Rxa4 Rc1+ 49. Kf2 Nc5 50. Ra5 Kf4 51. Bf1 Rc2+ 52. Kg1 Nb3 53. Ra6 Nd2 54. Be2 e5 55. Kf2 Ne4+ 56. Kf1 Ke3 57. dxe4 Rxe2 58. Rxg6 Rxb2 59. h4 Rb1+ 60. Kg2 d3 61. h5 d2 0-1

[Event "Brno Morava-A"]
[Site "Brno"]
[Date "1991.??.??"]
[Round "3"]
[White "Stohl, Igor"]
[Black "Dautov, Rustem"]
[Result "0-1"]
[WhiteElo "2555"]
[BlackElo "2595"]
[PlyCount "79"]
[EventDate "1991.09.??"]
[Source "ChessBase"]

1. Nf3 d5 2. c4 d4 3. e3 Nc6 4. exd4 Nxd4 5. Nxd4 Qxd4 6. Nc3 e5 7. d3 Ne7 8. Be3 Qd8 9. g4 Ng6 10. Bg2 Be7 11. h3 O-O 12. Qd2 c6 13. O-O-O Be6 14. Be4 Qd7 15. g5 Nh4 16. Rdg1 Rad8 17. Qe2 b5 18. Kb1 Nf5 19. Qf3 bxc4 20. dxc4 Nd4 21. Bxd4 Qxd4 22. b3 Qd2 23. Rd1 Qxg5 24. Bxc6 Qg6+ 25. Be4 f5 26. Bd5 e4 27. Qg3 Qf6 28. Bxe6+ Qxe6 29. Rxd8 Rxd8 30. Nd5 Bd6 31. Qe3 Rd7 32. f3 Qe5 33. fxe4 Ba3 34. Qe2 fxe4 35. Rf1 e3 36. Rf3 Qe4+ 37. Ka1 Bc5 38. a4 Rf7 39. Rxf7 Kxf7 40. b4 0-1

[Event "Novgorod op"]
[Site "Novgorod"]
[Date "1999.03.22"]
[Round "4"]
[White "Vaulin, Alexander"]
[Black "Kharlov, Andrei"]
[Result "0-1"]
[WhiteElo "2547"]
[BlackElo "2600"]
[PlyCount "70"]
[EventDate "1999.03.19"]
[Source "ChessBase"]
[SourceDate "1999.05.10"]

1. Nf3 d5 2. c4 d4 3. g3 g6 4. Bg2 Bg7 5. O-O e5 6. e3 Ne7 7. exd4 exd4 8. d3 Nbc6 9. Na3 O-O 10. Bf4 Bf5 11. Ng5 h6 12. Ne4 g5 13. Bd2 b6 14. f4 g4 15. b4 a6 16. b5 axb5 17. Nxb5 Bd7 18. f5 Bxf5 19. Bf4 Rc8 20. Qd2 Kh7 21. Bxc7 Rxc7 22. Rxf5 Nxf5 23. Qf4 Ne3 24. Qxc7 Ne5 25. Qxd8 Rxd8 26. Nf2 Bf8 27. a4 Bb4 28. Rb1 Bc5 29. Ra1 f5 30. a5 bxa5 31. Rxa5 Rd7 32. Ra6 Re7 33. Ba8 Nc2 34. Rf6 Nf3+ 35. Kg2 Re2 0-1

[Event "Haninge"]
[Site "Haninge"]
[Date "1990.??.??"]
[Round "8"]
[White "Wojtkiewicz, Aleksander"]
[Black "Seirawan, Yasser"]
[Result "0-1"]
[WhiteElo "2550"]
[BlackElo "2595"]
[PlyCount "100"]
[EventDate "1990.05.??"]
[Source "ChessBase"]

1. Nf3 d5 2. c4 d4 3. g3 Nc6 4. Bg2 e5 5. O-O Nf6 6. d3 a5 7. e3 dxe3 8. Bxe3 Be7 9. Nc3 O-O 10. Re1 Ng4 11. Nd5 Nxe3 12. Nxe7+ Qxe7 13. fxe3 Bg4 14. Qb3 e4 15. dxe4 Bxf3 16. Bxf3 a4 17. Qc3 a3 18. Rab1 axb2 19. Rxb2 Ra3 20. Rb3 Rxb3 21. axb3 Qe5 22. Qxe5 Nxe5 23. Be2 Ra8 24. Rd1 Kf8 25. b4 Ke7 26. b5 f6 27. Kf2 Ra2 28. Kf1 Rc2 29. Rd4 Rc3 30. Kf2 h6 31. h3 g6 32. Bf1 h5 33. Be2 Nf7 34. Bf1 Ng5 35. h4 Nf7 36. Bd3 Ne5 37. Be2 b6 38. Rd5 Rc2 39. Ke1 Nxc4 40. Bxc4 Rxc4 41. e5 f5 42. Ke2 Ke6 43. Rd8 Kxe5 44. Rd7 Rc5 45. Kf3 c6 46. bxc6 Rxc6 47. Rd8 Rd6 48. Rb8 Kd5 49. Kf4 Kc5 50. Ke5 Rc6 0-1

[Event "GM"]
[Site "?"]
[Date "2005.12.15"]
[Round "7"]
[White "Bauer Christian"]
[Black "Mirzoev Azer"]
[Result "1/2-1/2"]
[WhiteElo "2625"]
[BlackElo "2520"]
[PlyCount "56"]
[EventDate "2005.??.??"]
[Source "www.chesslib.no"]
[SourceDate "2004.05.04"]

1. Nf3 d5 2. c4 d4 3. g3 Nc6 4. Bg2 e5 5. O-O Nf6 6. d3 Be7 7. b4 Nxb4 8. Nxe5 O-O 9. a3 Na6 10. Nd2 Nc5 11. Bb2 Ng4 12. Nef3 Bf6 13. a4 Re8 14. Ba3 Be7 15. Rb1 c6 16. h3 Nf6 17. Bxc5 Bxc5 18. Nb3 Qd6 19. Nxc5 Qxc5 20. Qd2 Qd6 21. Rfe1 c5 22. e3 dxe3 23. Rxe3 Rb8 24. Rxe8+ Nxe8 25. Ng5 Nf6 26. Qa5 a6 27. Qc3 b6 28. a5 h6 1/2-1/2

[Event "Swansea"]
[Site "?"]
[Date "1988.??.??"]
[Round "?"]
[White "Suba, M."]
[Black "Chandler, M."]
[Result "1-0"]
[WhiteElo "2535"]
[BlackElo "2610"]
[PlyCount "101"]
[EventDate "1988.??.??"]
[Source "ChessBase"]
[SourceDate "1988.07.01"]

1. Nf3 d5 2. c4 d4 3. a3 g6 4. e3 c5 5. exd4 cxd4 6. d3 Bg7 7. g3 Nh6 8. Bg2 O-O 9. O-O Nf5 10. Nbd2 a5 11. Ne4 Nc6 12. Re1 Nd6 13. Nxd6 exd6 14. Rb1 Bf5 15. b4 axb4 16. axb4 Qb6 17. Nh4 Be6 18. Bf4 Rfd8 19. Bxd6 Rxd6 20. c5 Qb5 21. cxd6 Be5 22. d7 Bxd7 23. Qc1 Bd6 24. Qc4 Qxc4 25. dxc4 Nxb4 26. Bxb7 Ra2 27. Ra1 Rc2 28. Ra8+ Kg7 29. Rd8 Nd3 30. Rxd7 Nxe1 31. Rxd6 Rc1 32. f4 Nf3+ 33. Kg2 Nxh4+ 34. gxh4 Rxc4 35. Rd7 Rc2+ 36. Kg3 Rc3+ 37. Bf3 Rd3 38. Kf2 Rd2+ 39. Be2 h5 40. Ke1 Rb2 41. Rxd4 f5 42. Rd7+ Kh6 43. Bc4 Rb8 44. Kd2 Rc8 45. Kd3 Re8 46. Bd5 Rb8 47. Kd4 Re8 48. Kc5 Rb8 49. Kd6 Rb6+ 50. Kc7 Ra6 51. Kb7 1-0

[Event "Echternach op 7th 45'"]
[Site "Echternach"]
[Date "2000.06.04"]
[Round "?"]
[White "Fridman, Daniel"]
[Black "Dautov, Rustem"]
[Result "0-1"]
[WhiteElo "2539"]
[BlackElo "2602"]
[PlyCount "86"]
[EventDate "2000.06.??"]
[Source "ChessBase"]
[SourceDate "2000.07.27"]

1. Nf3 d5 2. c4 d4 3. e3 Nc6 4. exd4 Nxd4 5. Nxd4 Qxd4 6. Nc3 e5 7. Be2 Ne7 8. d3 Nf5 9. O-O Qd8 10. Re1 Bc5 11. Bg4 f6 12. Ne4 Bd4 13. Qf3 Nh4 14. Qg3 Bxg4 15. Qxg4 Ng6 16. Ng3 Kf7 17. Nf5 h5 18. Qf3 c6 19. Be3 Bxe3 20. fxe3 Ne7 21. Rf1 Nxf5 22. Qxf5 Qd6 23. Rad1 Qe6 24. Qf3 Rad8 25. b3 Rxd3 26. Rxd3 e4 27. Rd7+ Qxd7 28. Qxe4 Rd8 29. Qf3 Qg4 30. Qf2 Rd3 31. e4 Qxe4 32. Qxa7 Rd2 33. Rf2 Kg6 34. g3 Qe1+ 35. Kg2 Rd1 36. Qc5 Qe4+ 37. Kh3 Qg4+ 38. Kg2 h4 39. Rf3 h3+ 40. Kf2 Qe4 41. Qa5 Qc2+ 42. Ke3 Rd3+ 43. Kf4 Rd4+ 0-1

[Event "Open"]
[Site "?"]
[Date "1996.??.??"]
[Round "5"]
[White "Lerner Konstantin Z"]
[Black "Gleizerov Evgeny"]
[Result "1/2-1/2"]
[WhiteElo "2595"]
[BlackElo "2540"]
[PlyCount "38"]
[EventDate "1996.??.??"]
[Source "www.chesslib.no"]
[SourceDate "2004.05.04"]

1. Nf3 d5 2. c4 d4 3. g3 g6 4. Bg2 Bg7 5. O-O e5 6. e3 dxe3 7. dxe3 Qd7 8. Nc3 Nf6 9. b3 O-O 10. b4 c6 11. Bh3 Rd8 12. b5 Qe8 13. c5 Bg4 14. Nh4 Nfd7 15. Bxg4 Nb6 16. Bh3 h5 17. Qd6 Kh8 18. Qxc6 bxc6 19. a3 Rd7 1/2-1/2

[Event "Linares"]
[Site "Linares"]
[Date "1990.??.??"]
[Round "6"]
[White "Illescas Cordoba, Miguel"]
[Black "Portisch, Lajos"]
[Result "1/2-1/2"]
[WhiteElo "2530"]
[BlackElo "2605"]
[PlyCount "269"]
[EventDate "1990.02.??"]
[Source "ChessBase"]

1. Nf3 d5 2. c4 d4 3. g3 c5 4. b4 cxb4 5. a3 bxa3 6. d3 e5 7. Bg2 Nc6 8. O-O Nf6 9. Nbd2 Be7 10. Bxa3 O-O 11. Qc2 Bd7 12. Rfb1 Rb8 13. Qa2 Re8 14. Ng5 a5 15. Bxe7 Rxe7 16. c5 h6 17. Nge4 Nxe4 18. Bxe4 Be6 19. Qa4 Rc7 20. Nc4 Bd5 21. Nxa5 Ne7 22. Qb5 Qc8 23. c6 Bxe4 24. dxe4 b6 25. Ra2 Ra8 26. Qxb6 Nxc6 27. Rc1 Ra6 28. Qc5 Kh7 29. Qd6 d3 30. exd3 Raa7 31. Rac2 Rxa5 32. Rxc6 Rxc6 33. Qxc6 Qd8 34. Qc7 Qxc7 35. Rxc7 f6 36. Kg2 Ra1 37. Rd7 h5 38. h4 Kg6 39. Kf3 Re1 40. Rd5 Kh6 41. Rd6 Kg6 42. Kg2 Re2 43. Kf1 Ra2 44. Ke1 Kf7 45. Rd7+ Kg6 46. Rb7 Rc2 47. Ra7 Rb2 48. Rc7 Ra2 49. Rb7 Rc2 50. Ra7 Rb2 51. Rc7 Ra2 52. Re7 Rc2 53. Kf1 Rd2 54. Rd7 Rb2 55. Kg1 Re2 56. Rd6 Kf7 57. Rd7+ Kg6 58. Kf1 Ra2 59. Kg2 Re2 60. Kf3 Re1 61. Rd5 Kf7 62. Ra5 Kg6 63. Ra7 Kh6 64. Ra8 g5 65. hxg5+ Kxg5 66. Rg8+ Kh6 67. Rb8 Kg6 68. Rg8+ Kf7 69. Rc8 Kg6 70. Rc5 Ra1 71. Rd5 Re1 72. Kg2 Re2 73. Kf1 Ra2 74. Rd8 Rb2 75. Kg1 Rd2 76. Kg2 Re2 77. Rd5 Kh6 78. Kf3 Re1 79. Rb5 Kg6 80. Rb8 Kf7 81. Rd8 Kg7 82. Rd6 Kf7 83. Rb6 Kg7 84. Rb2 Kg6 85. Rb7 Kh6 86. Rc7 Kg6 87. Rd7 Kh6 88. Kg2 Re2 89. Kf1 Rd2 90. Kg1 Kg6 91. Rd6 Kf7 92. Kf1 Kg7 93. Kg2 Re2 94. Rc6 Rd2 95. Rc3 Re2 96. Rb3 Kg6 97. Ra3 Kg7 98. Kf3 Re1 99. Ra6 Kf7 100. Ra4 Kg6 101. Ra5 Kh6 102. Ra6 Kg7 103. Rd6 Kf7 104. d4 exd4 105. Rxd4 Kg6 106. Rd5 Ra1 107. Rd6 Ra3+ 108. Ke2 Ra4 109. Ke3 Ra3+ 110. Rd3 Ra1 111. Rc3 h4 112. gxh4 Rh1 113. Rc6 Rxh4 114. f4 Kf7 115. Kf3 Rh5 116. Rc7+ Kf8 117. Kg4 Ra5 118. e5 fxe5 119. f5 e4 120. Kg5 Ra1 121. Kg6 Rg1+ 122. Kf6 Kg8 123.  c8+ Kh7 124. Re8 Rg4 125. Ke6 e3 126. Kf7 Rg7+ 127. Kf6 Rg3 128. Re4 Rf3 129. Re8 Rg3 130. Re5 Kg8 131. Ke7 Rg7+ 132. Ke6 Kf8 133. f6 Ra7 134. Rxe3 Ra6+ 135. Kf5 1/2-1/2

[Event "Dortmund"]
[Site "Dortmund"]
[Date "1986.??.??"]
[Round "?"]
[White "Ribli, Zoltan"]
[Black "Hort, Vlastimil"]
[Result "1/2-1/2"]
[WhiteElo "2585"]
[BlackElo "2545"]
[PlyCount "35"]
[EventDate "1986.04.??"]
[Source "ChessBase"]

1. Nf3 d5 2. c4 d4 3. b4 g6 4. g3 Bg7 5. d3 e5 6. Bg2 Ne7 7. Nbd2 O-O 8. O-O h6 9. a4 Re8 10. Ba3 Nd7 11. Qc2 Nf8 12. b5 Be6 13. Nb3 b6 14. Nfd2 Rc8 15. Rfc1 Nh7 16. a5 h5 17. axb6 axb6 18. Nf3 1/2-1/2

[Event "2nd IECC, Ohrid MKD"]
[Site "?"]
[Date "2001.??.??"]
[Round "6"]
[White "Bischoff, K."]
[Black "Najer, E."]
[Result "1/2-1/2"]
[WhiteElo "2530"]
[BlackElo "2600"]
[PlyCount "53"]
[EventDate "2001.??.??"]
[Source "www.chesslib.no"]
[SourceDate "2004.05.04"]

1. Nf3 d5 2. c4 d4 3. g3 g6 4. d3 Bg7 5. Bg2 e5 6. O-O Ne7 7. b4 O-O 8. Nfd2 Nd7 9. Na3 g5 10. Nc2 Ng6 11. a4 a5 12. b5 Re8 13. Nb3 f5 14. Bd2 e4 15. Bxa5 Nde5 16. Bb4 exd3 17. exd3 f4 18. Nbxd4 Bg4 19. f3 Bd7 20. Qd2 h5 21. Bc3 Rf8 22. Rae1 Rxa4 23. Re4 Ra2 24. Qd1 c5 25. bxc6 bxc6 26. c5 Rf7 27. Rfe1 1/2-1/2

[Event "AUT-chT2W 9697"]
[Site "Austria"]
[Date "1997.??.??"]
[Round "11"]
[White "Schlosser, Philipp"]
[Black "Hertneck, Gerald"]
[Result "1-0"]
[WhiteElo "2560"]
[BlackElo "2565"]
[PlyCount "77"]
[EventDate "1996.??.??"]
[Source "www.chesslib.no"]
[SourceDate "2004.05.04"]

1. Nf3 d5 2. c4 d4 3. g3 Nc6 4. Bg2 g6 5. d3 Bg7 6. O-O a5 7. Nbd2 Nf6 8. b3 O-O 9. a3 Nd7 10. Rb1 Nc5 11. Bb2 e5 12. Ba1 Na6 13. Ne1 Qe7 14. Nc2 Rb8 15. Re1 Bf5 16. Ne4 b5 17. e3 bxc4 18. dxc4 d3 19. Qxd3 Nc5 20. Qd5 Bxe4 21. Bxe4 Rfd8 22. Qxc6 Rb6 23. Qxb6 cxb6 24. Bd5 e4 25. Nd4 Rd6 26. Red1 h5 27. b4 axb4 28. axb4 Nd3 29. h4 Kh7 30. Bc3 f5 31. Ra1 Qd7 32. Nb5 Rxd5 33. Ra7 Bxc3 34. cxd5 Qxa7 35. Nxa7 Bxb4 36. Nc8 Kg7 37. Nxb6 Kf6 38. Nc4 Be1 39. Kf1 1-0